000 00581nam a2200181Ia 4500
003 GCL
008 140319s9999 xx 000 0 ara d
040 _aGCL /
_cGCL
082 0 4 _a810.8003
_bم ا
100 1 _aمحمد عبدالمنعم خفاجى
245 1 0 _aالادب العربى وتاريخة فى العصرين الاموى والعباسى /
_cمحمد عبدالمنعم خفاجى
260 _a[S.N] :
_bدار الجيل ،
_c1990
300 _a383 ص
490 _a
650 0 4 _aالادب العربى
650 0 4 _aتاريخ ونقد
942 _2ddc
_cBK
999 _c53914
_d53914